Normal view
MARC view
- Bijlani,R.
Entry Personal Name
001 - CONTROL NUMBER
- control field: 5755
003 - CONTROL NUMBER IDENTIFIER
- control field: OSt
005 - DATE AND TIME OF LATEST TRANSACTION
- control field: 20180205131955.0
008 - FIXED-LENGTH DATA ELEMENTS
- fixed length control field: 180205|| aca||aabn | a|a d
040 ## - CATALOGING SOURCE
- Original cataloging agency: OSt
- Transcribing agency: OSt
100 ## - HEADING--PERSONAL NAME
- Personal name: Bijlani,R.
670 ## - SOURCE DATA FOUND
- Source citation: Work cat.: (OSt): Bijlani,R., Kavya makes up her Maid, 2014